| 000 | 00504 a2200193 4500 | ||
|---|---|---|---|
| 005 | 20260214105434.0 | ||
| 008 | 260212b |||||||| |||| 00| 0 eng d | ||
| 020 |
_a9789386906267 _cRs. 400.00 |
||
| 040 | _aMAIN | ||
| 082 |
_a759.54 _bD159R |
||
| 100 | _aDaljeet | ||
| 245 | _aRajasthani miniatures: The magic of strokes and colours | ||
| 260 |
_bNiyogi Books _c2018 _aNew Delhi |
||
| 300 | _a392 | ||
| 650 | _aArts | ||
| 650 | _aPainting | ||
| 650 | _aIndia - Historical Treatment | ||
| 942 | _cBK | ||
| 999 |
_c395080 _d395080 |
||